TEXTBOOK OF MEDICAL PHYSIOLOGY (Record no. 32968)

MARC details
000 -LEADER
fixed length control field 00330nam a22001457a 4500
003 - CONTROL NUMBER IDENTIFIER
control field SGT
020 ## - INTERNATIONAL STANDARD BOOK NUMBER
International Standard Book Number 978-81-312-6967-1
082 ## - DEWEY DECIMAL CLASSIFICATION NUMBER
Classification number 612
Item number HAL
100 ## - MAIN ENTRY--PERSONAL NAME
Personal name HALL, JOHN E.
245 ## - TITLE STATEMENT
Title TEXTBOOK OF MEDICAL PHYSIOLOGY
260 ## - PUBLICATION, DISTRIBUTION, ETC. (IMPRINT)
Place of publication, distribution, etc INDIA
Name of publisher, distributor, etc ELSEVIER
Year of Publication 2025
300 ## - PAGE DESCRIPTION
No. of Pages 1146
650 ## - SUBJECT ADDED ENTRY--TOPICAL TERM
Topical term or geographic name as entry element MEDICAL PHYSIOLOGY
942 ## - ADDED ENTRY ELEMENTS (KOHA)
Source of classification or shelving scheme Dewey Decimal Classification
Koha item type Books
Holdings
Withdrawn status Lost status Source of classification or shelving scheme Damaged status Not for loan Collection code Home library Current library Shelving location Date acquired Vendor Name Cost, normal purchase price SGTU Bill Number Full call number Accession No. (Barcode) Date last seen Bill Date Koha item type Total Checkouts
    Dewey Decimal Classification   Not For Loan SCIENCE SGT Science & Social Sciences Library SGT Science & Social Sciences Library Reference Book 28/10/2025 ABC 2525.00 SGTU 21721 612 HAL DP1041 28/10/2025 17/09/2025 Books  
    Dewey Decimal Classification     SCIENCE SGT Science & Social Sciences Library SGT Science & Social Sciences Library Text Book 28/10/2025 ABC 2525.00 SGTU 21721 612 HAL DP1042 28/10/2025 17/09/2025 Books  
    Dewey Decimal Classification     SCIENCE SGT Science & Social Sciences Library SGT Science & Social Sciences Library Text Book 28/10/2025 ABC 2525.00 SGTU 21721 612 HAL DP1043 28/10/2025 17/09/2025 Books  
    Dewey Decimal Classification     SCIENCE SGT Science & Social Sciences Library SGT Science & Social Sciences Library Text Book 28/10/2025 ABC 2525.00 SGTU 21721 612 HAL DP1044 28/10/2025 17/09/2025 Books  
    Dewey Decimal Classification     SCIENCE SGT Science & Social Sciences Library SGT Science & Social Sciences Library Text Book 28/10/2025 ABC 2525.00 SGTU 21721 612 HAL DP1045 28/10/2025 17/09/2025 Books